000 00798nam a2200229 4500
001 144649
003 ES-MaACL
005 20230906201051.0
007 t|
008 070214s1970 sp r ||||1| spa d
080 _a547:543.42
100 1 _aSimon, Wilhelm.
_9106538
245 1 0 _aElucidación estructural de compuestos orgánicos por métodos espectrocópicos /
_cW. Simon, T. Clerc ; versión y resolución de problemas por José Castells, Francisco Camps.
250 _a1ª. ed.
260 _aMadrid :
_bAlhambra,
_c1970.
300 _a2 t. en 3 v. :
_bil. ;
_c20 cm.
650 4 _aCompuestos orgánicos-
_xAnálisis.
_9143167
700 1 _aClerc, Thomas.
_939220
700 1 _aCamps, Francisco.
_934312
700 1 _aCastells, José.
_936588
852 _aES-MaACL
_jC-39882-84
_bR.74666
999 _c144649
_d144649